00323pab a2200121 454500008004000000100001900040245005400059260000900113300001300122362001000135650002200145773003400167180718b2010 xxu||||| |||| 00| 0 eng d aGowda, Chandan aMany Lohias? Appropriations of Lohia in Karnataka c2010 ap.78-84. a2 Oct aLohia, Rammanohar aEconomic and Political Weekly